000 00825nam a2200229 a 4500
001 000004507
005 20240412074202.0
008 090723s2005 dr r 000 p spa d
020 _a9789945161014
040 _aDO-SdBNP
_bspa
_cBNPHU
082 _aRD861.44
_bJ27u
100 1 _aJames Rawlings, Norberto,
_b1945-
_97206
245 1 3 _aLa urdimbre del silencio /
_cNorberto James Rawlings.
250 _a2a. ed.
260 _aSanto Domingo :
_bBúho,
_c2005.
300 _a68 p. ;
_c22 cm.
500 _aIncluye datos biográficos del autor en la contracubierta.
586 _aMención II Premio Internacional de Poesía Nicolás Guillén, Instituto Quintanaroense de la Cultura, México 1999.
650 0 _aPoesía dominicana
_966
650 0 _aLiteratura dominicana.
_967
910 _aValidado. Control de calidad MMOLINA
999 _c4316
_d4316